=LDR 00000nam 2200000 4500 =001 INLIS000000000047427 =005 20151116092750.0 =006 =007 =008 =020 ##$$a 978-602-98554-4-9 =035 ##$$0010-111500000000031 =082 ##$$a 2x5.4-Alm-d =100 ##$$a Sayyid Muhammad bin 'Alwi al-Maliki =245 ##$$a Doa-doa para Nabi & Auliya' =250 ##$$a Cet. 1 =260 ##$$a Bandung $b Darul Hidayah $c 2011 =300 ##$$a 213 Hlm $c 21 Cm =850 ##$$a NBPNMAT =990 ##$$a 0001/BPAP-NTB/2015 =990 ##$$a 0001/BPAP-NTB/2016